000 00251nam a22001097a 4500
082 _a358.17 SOV'L
100 _aLEL, ASHER
_960308
245 _aTHE SOVIET AIR ABD ROCKETS FORCES
260 _aLONDON
_bWEIDENFELD
_c1959
300 _a311P
942 _cBK
999 _c570067
_d570067